| 000 | 01085nam a2200217Ia 4500 | ||
|---|---|---|---|
| 003 | Ost | ||
| 005 | 20260507074924.0 | ||
| 008 | 260507s9999||||xx |||||||||||||| ||und|| | ||
| 040 | _cfsecg | ||
| 041 | _aara | ||
| 082 | _a658.15 | ||
| 100 |
_aالنعيمي، عدنان التايه _eمؤلف |
||
| 245 | 0 |
_aالإدارة المالية المتقدمة / _c عدنان التايه النعيمي |
|
| 260 |
_aعمان: _bدار اليازوري العلمية, _c2009 |
||
| 300 |
_a512 صفحة؛ _bإيضاحات ؛ _c25 سم |
||
| 504 | _aببليوغرافيا: ص.510 | ||
| 520 | _aمقدمة في الفكر المالي المعاصر، مفاهيم في الادارة المالية المتقدمة، تقييم الأدوات المالية طويلة الأجلة، قرارات الاستثمار الرأسمالي، قرارات التمويل، قرارات مقسوم الأرباح | ||
| 653 | _aالإدارة المالية، الاستثمار، التمويل | ||
| 700 |
_a التميمي، ارشد فؤاد _eمؤلف ثانوي |
||
| 942 | _cكتاب | ||
| 999 |
_c41817 _d41817 |
||